P-glycoprotein expression in adult acute myeloid leukemia: correlation with induction treatment outcome

Bibliographic Details
Main Authors: Tóthová, E. (Author), Elbertová, A. (Author), Fričová, Marta (Author), Kafková, A. (Author), Hlebašková, M. (Author), Švorcová, E. (Author), Štecová, N. (Author), Guman, T. (Author), Raffač, Š. (Author)
Format: Article
Language:Slovak
English
PhysicalDescription:Graf, tab.
ISSN:0028-2685
Subjects:

MARC

LEADER 00000nab a2200000 a 4500
001 vtls000797378
003 SK-MaSNL
005 20260304130924.0
008 250429c2001 xo 0 slo
015 |a SNBRB2002/07-21786 
035 |a CLN000149033 
035 |a urn:nbn:sk:snk-ab6z5t 
035 |a (uuid)c9a381eb-1e0e-4d72-9d4e-45fba3a627dc 
035 |a (urnnbn)urn:nbn:sk:snk:ar-a06c5f 
035 |a (sysno)vtls000797378 
040 |a SNKBUCL  |b slo  |c SNKBUCL  |e AACR2 
041 0 |a eng 
044 |a xo  |c SK 
080 |a 616.155.392:615.23  |2 1997 
080 |a 615.23  |2 1997 
245 0 0 |a P-glycoprotein expression in adult acute myeloid leukemia: correlation with induction treatment outcome  |c E. Tóthová ... [et al.] 
300 |b Graf, tab. 
504 |a Res. angl. 
504 |a Bibliogr. odkazy 
650 0 7 |a akútna myeloblastová leukémia  |2 snkbucl  |9 169583 
650 0 7 |a P-glykoproteín  |x analýza  |x použitie diagnostické  |2 snkbucl  |9 1443118 
650 0 7 |a akútna myeloblastová leukémia  |x genetika  |x imunológia  |2 snkbucl  |9 1443119 
650 0 7 |a mnohopočetná lieková rezistencia  |x využitie  |2 snkbucl  |9 1443120 
650 0 7 |a indukcia remisie  |x metódy  |2 snkbucl  |9 1191636 
650 0 7 |a farmakoterapia  |2 snkbucl  |9 14158 
650 0 7 |a P-glykoproteín  |x analýza  |x diagnostické použitie  |2 snkbucl  |9 1440071 
650 0 7 |a dospelý  |2 snkbucl  |9 705305 
655 7 |a články z novín a časopisov  |2 snkbucl  |9 267496 
700 1 |a Tóthová, E.  |4 aut  |9 497341 
700 1 |a Elbertová, A.  |4 aut  |9 804831 
700 1 |a Fričová, Marta  |4 aut  |9 1074835 
700 1 |a Kafková, A.  |4 aut  |9 837081 
700 1 |a Hlebašková, M.  |4 aut  |9 826569 
700 1 |a Švorcová, E.  |4 aut  |9 1130206 
700 1 |a Štecová, N.  |4 aut  |9 826571 
700 1 |a Guman, T.  |4 aut  |9 837100 
700 1 |a Raffač, Š.  |4 aut  |9 1275630 
773 0 |t Neoplasma  |g Roč. 48, č. 5 (2001), s. 393-397  |x 0028-2685 
850 |a Slovenská národná knižnica 
852 |a Slovenská národná knižnica 
958 |a article27 
958 |a NB 
958 |a MI 
958 |a OND 
958 |a EUIPO 
992 |a RBX 
999 |c 2895840  |d 2897770